[Event "European Online Club-ch-D 2021"]
[Site "Online"]
[Date "2021.03.27"]
[Round "1.16"]
[White "Muminova, Nafisa"]
[Black "Fischer, Daniel"]
[Result "1-0"]
[WhiteElo "2274"]
[BlackElo "2276"]
[Annotator "NA"]
[PlyCount "165"]
[EventDate "2021.03.27"]
[EventType "team-tourn"]
[EventCountry "NET"]
[SourceTitle "playchess.com"]
[Source "ChessBase"]
[SourceQuality "1"]
[TimeControl "900+5"]

1. d4 {[%emt 0:00:00]} Nf6 {[%emt 0:00:04]} 2. Nc3 {[%emt 0:00:03]} d5 {[%emt 0:00:02]} 3. Bf4 {[%emt 0:00:04]} c5 {[%emt 0:00:07]} 4. e3 {[%emt 0:00:13]} cxd4 {[%emt 0:00:02]} 5. exd4 {[%emt 0:00:02]} a6 {[%emt 0:00:04]} 6. Nf3 {[%emt 0:00:09]} Nc6 {[%emt 0:00:03]} 7. Ne5 {[%emt 0:00:12]} Bd7 {[%emt 0:00:20]} 8. Be2 {[%emt 0:00:35]} e6 {[%emt 0:00:09]} 9. O-O {[%emt 0:00:03]} Nxe5 {[%emt 0:00:54]} 10. dxe5 {[%emt 0:00:22]} Ng8 {[%emt 0:00:07]} 11. Bd3 {[%emt 0:00:10]} Ne7 {[%emt 0:01:21]} 12. Qh5 {[%emt 0:00:49]} g6 {[%emt 0:01:34]} 13. Qe2 {[%emt 0:00:23]} Bg7 {[%emt 0:00:13]} 14. Bg5 {[%emt 0:00:15]} O-O {[%emt 0:01:27]} 15. Kh1 {[%emt 0:00:04]} f6 {[%emt 0:01:48]} 16. exf6 {[%emt 0:00:07]} Bxf6 {[%emt 0:00:00]} 17. Bxf6 {[%emt 0:00:27]} Rxf6 {[%emt 0:00:00]} 18. Rae1 {[%emt 0:00:03]} Qb6 {[%emt 0:00:24]} 19. Nd1 {[%emt 0:00:19]} Raf8 {[%emt 0:00:17]} 20. c3 {[%emt 0:00:25]} Nc6 {[%emt 0:00:30]} 21. Ne3 {[%emt 0:00:10]} Rf4 {[%emt 0:00:54]} 22. Ng4 {[%emt 0:00:14]} h5 {[%emt 0:01:35]} 23. Ne3 {[%emt 0:00:12]} Kg7 {[%emt 0:00:08]} 24. f3 {[%emt 0:00:15]} Qc7 {[%emt 0:00:19]} 25. Qf2 {[%emt 0:00:49]} R4f6 {[%emt 0:00:35]} 26. Qe2 {[%emt 0:00:39]} Qd6 {[%emt 0:00:12]} 27. Nd1 {[%emt 0:01:07]} e5 {[%emt 0:00:20]} 28. Nf2 {[%emt 0:00:04]} Re8 {[%emt 0:00:09]} 29. Bb1 {[%emt 0:00:20]} Nd8 {[%emt 0:01:11]} 30. Qd2 {[%emt 0:00:28]} Nf7 {[%emt 0:00:40]} 31. Rd1 {[%emt 0:00:07]} Bc6 {[%emt 0:00:02]} 32. Rfe1 {[%emt 0:00:15]} Qc5 {[%emt 0:00:18]} 33. Nd3 {[%emt 0:00:37]} Qd6 {[%emt 0:00:08]} 34. Nb4 {[%emt 0:00:14]} Rd8 {[%emt 0:00:02]} 35. a3 {[%emt 0:00:34]} a5 {[%emt 0:00:05]} 36. Nd3 {[%emt 0:00:12]} h4 {[%emt 0:00:10]} 37. Qe2 {[%emt 0:00:25]} Re8 {[%emt 0:00:09]} 38. Nf2 {[%emt 0:00:08]} Qc5 {[%emt 0:00:20]} 39. Ng4 {[%emt 0:00:04]} Rf4 {[%emt 0:00:09]} 40. Qd2 {[%emt 0:00:11]} h3 {[%emt 0:00:35]} 41. Nxe5 {[%emt 0:00:14]} hxg2+ {[%emt 0:00:10]} 42. Kxg2 {[%emt 0:02:42]} Rf6 {[%emt 0:00:22]} 43. Nxc6 {[%emt 0:00:14]} Rxe1 {[%emt 0:00:12]} 44. Rxe1 {[%emt 0:00:05]} bxc6 {[%emt 0:00:07]} 45. Qe3 {[%emt 0:01:03]} Qb5 {[%emt 0:00:07]} 46. Qe2 {[%emt 0:00:12]} Qb3 {[%emt 0:00:05]} 47. Bd3 {[%emt 0:00:41]} a4 {[%emt 0:00:14]} 48. Qd2 {[%emt 0:00:08]} Qb6 {[%emt 0:00:08]} 49. Re7 {[%emt 0:00:09]} Qc5 {[%emt 0:00:03]} 50. Qe3 {[%emt 0:00:11]} Qd6 {[%emt 0:00:05]} 51. Bc2 {[%emt 0:00:11]} c5 {[%emt 0:00:02]} 52. Bxa4 {[%emt 0:00:07]} d4 {[%emt 0:00:01]} 53. cxd4 {[%emt 0:00:05]} cxd4 {[%emt 0:00:00]} 54. Qe4 {[%emt 0:00:14]} d3 {[%emt 0:00:05]} 55. Bd1 {[%emt 0:00:06]} d2 {[%emt 0:00:03]} 56. b4 {[%emt 0:00:12]} Rf4 {[%emt 0:00:03]} 57. Qe3 {[%emt 0:00:12]} Rh4 {[%emt 0:00:09]} 58. h3 {[%emt 0:00:10]} Rh5 {[%emt 0:00:15]} 59. Re6 {[%emt 0:00:22]} Qd5 {[%emt 0:00:04]} 60. Qe4 {[%emt 0:00:25]} Rg5+ {[%emt 0:00:01]} 61. Kf2 {[%emt 0:00:08]} Qd7 {[%emt 0:00:09]} 62. h4 {[%emt 0:00:03]} Qa7+ {[%emt 0:00:02]} 63. Qe3 {[%emt 0:00:04]} Qxe3+ {[%emt 0:00:05]} 64. Kxe3 {[%emt 0:00:03]} Rg2 {[%emt 0:00:01]} 65. Be2 {[%emt 0:00:04]} Nh6 {[%emt 0:00:10]} 66. Kxd2 {[%emt 0:00:05]} Nf5 {[%emt 0:00:01]} 67. a4 {[%emt 0:00:12]} Nd4 {[%emt 0:00:05]} 68. Re3 {[%emt 0:00:04]} Nf5 {[%emt 0:00:06]} 69. Re4 {[%emt 0:00:05]} Ng3 {[%emt 0:00:05]} 70. Re5 {[%emt 0:00:03]} Kf6 {[%emt 0:00:04]} 71. f4 {[%emt 0:00:02]} Nh5 {[%emt 0:00:07]} 72. Re4 {[%emt 0:00:13]} Kf5 {[%emt 0:00:11]} 73. Re8 {[%emt 0:00:04]} Nxf4 {[%emt 0:00:04]} 74. a5 {[%emt 0:00:02]} Rg1 {[%emt 0:00:05]} 75. a6 {[%emt 0:00:04]} Ra1 {[%emt 0:00:02]} 76. b5 {[%emt 0:00:02]} Ra2+ {[%emt 0:00:01]} 77. Kd1 {[%emt 0:00:04]} Nd5 {[%emt 0:00:03]} 78. Bc4 {[%emt 0:00:04]} Nc3+ {[%emt 0:00:02]} 79. Kc1 {[%emt 0:00:03]} Ra5 {[%emt 0:00:06]} 80. Rf8+ {[%emt 0:00:05]} Ke4 {[%emt 0:00:04]} 81. Rb8 {[%emt 0:00:04]} Kd4 {[%emt 0:00:04]} 82. Rc8 {[%emt 0:00:05]} Ra4 {[%emt 0:00:19]} 83. b6 {[%emt 0:00:05]} 1-0

[Event "European Online Club-ch-D 2021"]
[Site "Online"]
[Date "2021.03.27"]
[Round "1.17"]
[White "Gadimbayli, Abdulla"]
[Black "Straka, Vojtech"]
[Result "1-0"]
[WhiteElo "2470"]
[BlackElo "2417"]
[Annotator "ChessBase"]
[PlyCount "45"]
[EventDate "2021.03.27"]
[EventType "team-tourn"]
[EventCountry "NET"]
[SourceTitle "playchess.com"]
[Source "ChessBase"]
[SourceQuality "1"]
[TimeControl "900+5"]

1. e4 {[%emt 0:00:00]} c5 {[%emt 0:00:04]} 2. Nf3 {[%emt 0:00:05]} Nc6 {[%emt 0:00:02]} 3. Bb5 {[%emt 0:00:02]} g6 {[%emt 0:00:35]} 4. Bxc6 {[%emt 0:00:02]} bxc6 {[%emt 0:00:03]} 5. d4 {[%emt 0:00:02]} d5 {[%emt 0:00:13]} 6. dxc5 {[%emt 0:02:07]} Qa5+ {[%emt 0:00:04]} 7. Bd2 {[%emt 0:00:43]} Qxc5 {[%emt 0:00:12]} 8. Bc3 {[%emt 0:00:02]} f6 {[%emt 0:01:44]} 9. exd5 {[%emt 0:04:40]} cxd5 {[%emt 0:00:23]} 10. O-O {[%emt 0:00:03]} Bg7 {[%emt 0:00:08]} 11. Re1 {[%emt 0:00:20]} e5 {[%emt 0:04:41]} 12. a3 {[%emt 0:00:45]} Ne7 {[%emt 0:02:28]} 13. Bb4 {[%emt 0:00:27]} Qc6 {[%emt 0:00:03]} 14. Nc3 {[%emt 0:00:40]} Be6 {[%emt 0:00:25]} 15. Nd4 {[%emt 0:01:07]} exd4 {[%emt 0:00:39]} 16. Ne2 {[%emt 0:00:02]} Nf5 {[%emt 0:03:04]} 17. Nf4 {[%emt 0:01:15]} O-O-O {[%emt 0:01:22]} 18. Nxe6 {[%emt 0:00:56]} Rde8 {[%emt 0:00:04]} 19. Nxg7 {[%emt 0:01:07]} Rxe1+ {[%emt 0:00:05]} 20. Bxe1 {[%emt 0:00:01]} Nxg7 {[%emt 0:00:03]} 21. Qxd4 {[%emt 0:00:02]} Kb7 {[%emt 0:00:17]} 22. Bc3 {[%emt 0:00:01]} Rf8 {[%emt 0:00:03]} 23. Qb4+ {[%emt 0:00:02]} 1-0

[Event "European Online Club-ch-D 2021"]
[Site "Online"]
[Date "2021.03.27"]
[Round "1.18"]
[White "Roubalik, Jakub"]
[Black "Ibrahimli, Murad"]
[Result "0-1"]
[WhiteElo "2391"]
[BlackElo "2436"]
[Annotator "NA"]
[PlyCount "78"]
[EventDate "2021.03.27"]
[EventType "team-tourn"]
[EventCountry "NET"]
[SourceTitle "playchess.com"]
[Source "ChessBase"]
[SourceQuality "1"]
[TimeControl "900+5"]

1. d4 {[%emt 0:00:00]} Nf6 {[%emt 0:00:03]} 2. c4 {[%emt 0:00:03]} e6 {[%emt 0:00:02]} 3. Nf3 {[%emt 0:00:04]} d5 {[%emt 0:00:03]} 4. Nc3 {[%emt 0:00:03]} Be7 {[%emt 0:00:01]} 5. Bg5 {[%emt 0:00:06]} O-O {[%emt 0:00:02]} 6. e3 {[%emt 0:00:01]} h6 {[%emt 0:00:02]} 7. Bh4 {[%emt 0:00:20]} b6 {[%emt 0:00:02]} 8. cxd5 {[%emt 0:00:03]} Nxd5 {[%emt 0:00:02]} 9. Bxe7 {[%emt 0:00:03]} Qxe7 {[%emt 0:00:02]} 10. Nxd5 {[%emt 0:00:33]} exd5 {[%emt 0:00:03]} 11. Be2 {[%emt 0:00:04]} Be6 {[%emt 0:00:06]} 12. O-O {[%emt 0:00:15]} c5 {[%emt 0:00:02]} 13. dxc5 {[%emt 0:01:54]} bxc5 {[%emt 0:00:04]} 14. Qa4 {[%emt 0:00:12]} Nd7 {[%emt 0:00:13]} 15. Rac1 {[%emt 0:00:33]} Rfb8 {[%emt 0:00:12]} 16. Bb5 {[%emt 0:01:59]} a5 {[%emt 0:02:13]} 17. Rfd1 {[%emt 0:00:57]} Nf6 {[%emt 0:04:16]} 18. b3 {[%emt 0:02:00]} Bg4 {[%emt 0:00:34]} 19. Bc6 {[%emt 0:00:35]} Rb4 {[%emt 0:00:09]} 20. Qa3 {[%emt 0:00:56]} Ra6 {[%emt 0:03:37]} 21. Bxd5 {[%emt 0:00:15]} Nxd5 {[%emt 0:00:10]} 22. Rxd5 {[%emt 0:00:04]} Bxf3 {[%emt 0:00:01]} 23. gxf3 {[%emt 0:00:05]} Qe6 {[%emt 0:00:48]} 24. Rd8+ {[%emt 0:01:32]} Kh7 {[%emt 0:00:03]} 25. Kf1 {[%emt 0:00:03]} Qh3+ {[%emt 0:00:02]} 26. Ke2 {[%emt 0:00:09]} Rf6 {[%emt 0:00:03]} 27. f4 {[%emt 0:00:34]} Qg4+ {[%emt 0:00:36]} 28. Kf1 {[%emt 0:01:03]} Qf3 {[%emt 0:01:11]} 29. Qb2 {[%emt 0:00:53]} Re4 {[%emt 0:00:24]} 30. Qc2 {[%emt 0:00:30]} Rfxf4 {[%emt 0:00:43]} 31. Re8 {[%emt 0:00:53]} f5 {[%emt 0:00:45]} 32. Rxe4 {[%emt 0:00:06]} Rxe4 {[%emt 0:00:02]} 33. Qxc5 {[%emt 0:00:07]} Rh4 {[%emt 0:00:15]} 34. Qc7 {[%emt 0:00:27]} Qh5 {[%emt 0:00:22]} 35. Kg1 {[%emt 0:00:19]} a4 {[%emt 0:00:17]} 36. bxa4 {[%emt 0:00:02]} Rxa4 {[%emt 0:00:03]} 37. Rc4 {[%emt 0:00:14]} Rxa2 {[%emt 0:00:15]} 38. Kg2 {[%emt 0:00:07]} Ra6 {[%emt 0:00:04]} 39. Qe5 {[%emt 0:00:04]} Rg6+ {[%emt 0:00:02]} 0-1

[Event "European Online Club-ch-D 2021"]
[Site "Online"]
[Date "2021.03.27"]
[Round "1.19"]
[White "Babazada, Khazar"]
[Black "Kusa, Jakub"]
[Result "1/2-1/2"]
[WhiteElo "2409"]
[BlackElo "2336"]
[Annotator "NA"]
[PlyCount "137"]
[EventDate "2021.03.27"]
[EventType "team-tourn"]
[EventCountry "NET"]
[SourceTitle "playchess.com"]
[Source "ChessBase"]
[SourceQuality "1"]
[TimeControl "900+5"]

1. e4 {[%emt 0:00:00]} e5 {[%emt 0:00:44]} 2. Nc3 {[%emt 0:00:26]} Nf6 {[%emt 0:00:10]} 3. Nf3 {[%emt 0:01:28]} Nc6 {[%emt 0:00:04]} 4. Bb5 {[%emt 0:00:19]} Bd6 {[%emt 0:00:09]} 5. O-O {[%emt 0:00:14]} O-O {[%emt 0:00:32]} 6. h3 {[%emt 0:00:57]} a6 {[%emt 0:00:12]} 7. Bxc6 {[%emt 0:01:37]} dxc6 {[%emt 0:00:05]} 8. d4 {[%emt 0:00:43]} exd4 {[%emt 0:01:06]} 9. Qxd4 {[%emt 0:00:05]} Be7 {[%emt 0:00:38]} 10. Qxd8 {[%emt 0:01:53]} Rxd8 {[%emt 0:00:09]} 11. Bf4 {[%emt 0:00:04]} Ne8 {[%emt 0:02:39]} 12. Rad1 {[%emt 0:00:21]} Be6 {[%emt 0:00:30]} 13. a3 {[%emt 0:00:06]} Nd6 {[%emt 0:02:25]} 14. Nd4 {[%emt 0:02:11]} Bc4 {[%emt 0:00:57]} 15. Rfe1 {[%emt 0:00:09]} c5 {[%emt 0:01:36]} 16. Nf3 {[%emt 0:01:06]} Be6 {[%emt 0:00:34]} 17. Nd5 {[%emt 0:00:10]} Bxd5 {[%emt 0:00:32]} 18. Rxd5 {[%emt 0:00:02]} b6 {[%emt 0:00:45]} 19. Ne5 {[%emt 0:01:37]} Re8 {[%emt 0:01:51]} 20. f3 {[%emt 0:01:19]} Bf6 {[%emt 0:00:33]} 21. c3 {[%emt 0:00:29]} Bxe5 {[%emt 0:00:23]} 22. Bxe5 {[%emt 0:00:03]} Nc4 {[%emt 0:00:02]} 23. Bxc7 {[%emt 0:00:02]} Rac8 {[%emt 0:00:02]} 24. b3 {[%emt 0:00:30]} Na5 {[%emt 0:00:16]} 25. Bxb6 {[%emt 0:00:50]} Nxb3 {[%emt 0:00:01]} 26. a4 {[%emt 0:00:02]} a5 {[%emt 0:00:03]} 27. Red1 {[%emt 0:00:13]} c4 {[%emt 0:00:03]} 28. Rd8 {[%emt 0:00:15]} Rexd8 {[%emt 0:00:01]} 29. Rxd8+ {[%emt 0:00:01]} Rxd8 {[%emt 0:00:01]} 30. Bxd8 {[%emt 0:00:01]} Kf8 {[%emt 0:00:02]} 31. Kf2 {[%emt 0:00:03]} Ke8 {[%emt 0:00:01]} 32. Bb6 {[%emt 0:00:06]} Kd7 {[%emt 0:00:01]} 33. Be3 {[%emt 0:00:10]} Na1 {[%emt 0:00:18]} 34. Ke2 {[%emt 0:00:04]} Kc6 {[%emt 0:00:04]} 35. Kd2 {[%emt 0:00:06]} Nb3+ {[%emt 0:00:03]} 36. Kc2 {[%emt 0:00:01]} Na1+ {[%emt 0:00:03]} 37. Kd2 {[%emt 0:00:05]} Nb3+ {[%emt 0:00:02]} 38. Kd1 {[%emt 0:00:01]} g6 {[%emt 0:00:12]} 39. g4 {[%emt 0:00:08]} Kd6 {[%emt 0:00:04]} 40. f4 {[%emt 0:00:14]} Ke6 {[%emt 0:00:04]} 41. Bd4 {[%emt 0:00:05]} Na1 {[%emt 0:00:15]} 42. f5+ {[%emt 0:00:03]} Kd6 {[%emt 0:00:03]} 43. h4 {[%emt 0:00:06]} Nb3 {[%emt 0:00:01]} 44. Ke2 {[%emt 0:00:09]} Nc1+ {[%emt 0:00:03]} 45. Ke3 {[%emt 0:00:01]} Nd3 {[%emt 0:00:05]} 46. Bb6 {[%emt 0:00:02]} Nb2 {[%emt 0:00:02]} 47. Bxa5 {[%emt 0:00:02]} Nxa4 {[%emt 0:00:01]} 48. Kd4 {[%emt 0:00:02]} Nb2 {[%emt 0:00:03]} 49. Bb4+ {[%emt 0:00:03]} Kd7 {[%emt 0:00:04]} 50. h5 {[%emt 0:00:17]} Nd3 {[%emt 0:00:05]} 51. fxg6 {[%emt 0:00:04]} fxg6 {[%emt 0:00:03]} 52. hxg6 {[%emt 0:00:01]} hxg6 {[%emt 0:00:01]} 53. g5 {[%emt 0:00:02]} Nf4 {[%emt 0:00:04]} 54. Ba3 {[%emt 0:00:05]} Ne6+ {[%emt 0:00:01]} 55. Kxc4 {[%emt 0:00:03]} Nxg5 {[%emt 0:00:02]} 56. Kd5 {[%emt 0:00:03]} Ne6 {[%emt 0:00:02]} 57. Bd6 {[%emt 0:00:16]} g5 {[%emt 0:00:05]} 58. Bg3 {[%emt 0:00:02]} g4 {[%emt 0:00:04]} 59. Ke5 {[%emt 0:00:03]} Nc5 {[%emt 0:00:02]} 60. Kf5 {[%emt 0:00:03]} Kc6 {[%emt 0:00:06]} 61. c4 {[%emt 0:00:11]} Nb3 {[%emt 0:00:05]} 62. e5 {[%emt 0:00:07]} Na5 {[%emt 0:00:03]} 63. e6 {[%emt 0:00:05]} Nxc4 {[%emt 0:00:03]} 64. Kf6 {[%emt 0:00:02]} Ne3 {[%emt 0:00:02]} 65. Kg5 {[%emt 0:00:08]} Nd5 {[%emt 0:00:06]} 66. Kxg4 {[%emt 0:00:02]} Kb7 {[%emt 0:00:12]} 67. Kf5 {[%emt 0:00:04]} Kc8 {[%emt 0:00:01]} 68. Bh4 {[%emt 0:00:01]} Nc7 {[%emt 0:00:04]} 69. Kf6 {[%emt 0:00:12]} 1/2-1/2

[Event "European Online Club-ch-D 2021"]
[Site "Online"]
[Date "2021.03.27"]
[Round "1.20"]
[White "Zeman, Matyas"]
[Black "Eynullayev, Atilla"]
[Result "1/2-1/2"]
[WhiteElo "2261"]
[BlackElo "2347"]
[Annotator "NA"]
[PlyCount "162"]
[EventDate "2021.03.27"]
[EventType "team-tourn"]
[EventCountry "NET"]
[SourceTitle "playchess.com"]
[Source "ChessBase"]
[SourceQuality "1"]
[TimeControl "900+5"]

1. d4 {[%emt 0:00:00]} d5 {[%emt 0:00:06]} 2. Nf3 {[%emt 0:00:06]} e6 {[%emt 0:00:13]} 3. Bf4 {[%emt 0:00:08]} Bd6 {[%emt 0:00:10]} 4. e3 {[%emt 0:00:07]} Bxf4 {[%emt 0:00:33]} 5. exf4 {[%emt 0:00:02]} b6 {[%emt 0:00:02]} 6. c3 {[%emt 0:00:10]} Nf6 {[%emt 0:00:37]} 7. Nbd2 {[%emt 0:00:02]} O-O {[%emt 0:00:04]} 8. Bd3 {[%emt 0:00:04]} Ba6 {[%emt 0:00:02]} 9. Bxa6 {[%emt 0:00:02]} Nxa6 {[%emt 0:00:01]} 10. O-O {[%emt 0:00:02]} c5 {[%emt 0:00:11]} 11. Qa4 {[%emt 0:00:12]} Nb8 {[%emt 0:00:33]} 12. Ne5 {[%emt 0:01:43]} Qc7 {[%emt 0:00:17]} 13. Rac1 {[%emt 0:00:38]} Rc8 {[%emt 0:00:48]} 14. Rfe1 {[%emt 0:04:06]} Nc6 {[%emt 0:01:34]} 15. Ndf3 {[%emt 0:00:54]} Ne4 {[%emt 0:01:24]} 16. Nxc6 {[%emt 0:00:03]} Qxc6 {[%emt 0:00:03]} 17. Qxc6 {[%emt 0:00:01]} Rxc6 {[%emt 0:00:01]} 18. Ne5 {[%emt 0:00:01]} Rc7 {[%emt 0:00:03]} 19. dxc5 {[%emt 0:00:02]} bxc5 {[%emt 0:00:24]} 20. c4 {[%emt 0:00:07]} h6 {[%emt 0:02:03]} 21. Rcd1 {[%emt 0:01:31]} Nf6 {[%emt 0:00:29]} 22. f5 {[%emt 0:00:38]} Rd8 {[%emt 0:01:05]} 23. fxe6 {[%emt 0:00:02]} fxe6 {[%emt 0:00:01]} 24. b3 {[%emt 0:00:43]} a5 {[%emt 0:00:27]} 25. f3 {[%emt 0:00:56]} Rd6 {[%emt 0:00:23]} 26. Rd3 {[%emt 0:00:38]} Ra6 {[%emt 0:00:12]} 27. cxd5 {[%emt 0:00:49]} exd5 {[%emt 0:00:16]} 28. Rc1 {[%emt 0:00:02]} a4 {[%emt 0:01:01]} 29. Rdc3 {[%emt 0:00:11]} axb3 {[%emt 0:00:15]} 30. axb3 {[%emt 0:00:00]} Rb6 {[%emt 0:03:41]} 31. Nd3 {[%emt 0:01:04]} Nd7 {[%emt 0:00:07]} 32. Nxc5 {[%emt 0:00:08]} Nxc5 {[%emt 0:00:06]} 33. Rxc5 {[%emt 0:00:00]} Rxc5 {[%emt 0:00:01]} 34. Rxc5 {[%emt 0:00:01]} Rxb3 {[%emt 0:00:01]} 35. Rxd5 {[%emt 0:00:01]} Rb2 {[%emt 0:00:01]} 36. h4 {[%emt 0:00:01]} Kh7 {[%emt 0:00:08]} 37. h5 {[%emt 0:00:01]} Kg8 {[%emt 0:00:10]} 38. Kh2 {[%emt 0:00:16]} Kf7 {[%emt 0:00:01]} 39. Rd6 {[%emt 0:00:07]} Rc2 {[%emt 0:00:17]} 40. Kh3 {[%emt 0:00:06]} Rc3 {[%emt 0:00:02]} 41. Ra6 {[%emt 0:00:05]} Rb3 {[%emt 0:00:02]} 42. Kg4 {[%emt 0:00:01]} Rb5 {[%emt 0:00:06]} 43. f4 {[%emt 0:00:07]} Rc5 {[%emt 0:00:05]} 44. g3 {[%emt 0:00:14]} Rb5 {[%emt 0:00:01]} 45. Rd6 {[%emt 0:00:05]} Ra5 {[%emt 0:00:02]} 46. Rd4 {[%emt 0:00:19]} Rb5 {[%emt 0:00:02]} 47. Re4 {[%emt 0:00:01]} Ra5 {[%emt 0:00:06]} 48. Re5 {[%emt 0:00:04]} Ra3 {[%emt 0:00:02]} 49. Kh4 {[%emt 0:00:13]} Ra1 {[%emt 0:00:05]} 50. g4 {[%emt 0:00:08]} Rh1+ {[%emt 0:00:02]} 51. Kg3 {[%emt 0:00:02]} Rg1+ {[%emt 0:00:02]} 52. Kf3 {[%emt 0:00:01]} Ra1 {[%emt 0:00:10]} 53. Rb5 {[%emt 0:00:30]} Ra4 {[%emt 0:00:05]} 54. Kg3 {[%emt 0:00:41]} Ra3+ {[%emt 0:00:03]} 55. Kh4 {[%emt 0:00:03]} Ra4 {[%emt 0:00:01]} 56. Rf5+ {[%emt 0:00:03]} Kg8 {[%emt 0:00:05]} 57. g5 {[%emt 0:00:18]} hxg5+ {[%emt 0:00:02]} 58. Kxg5 {[%emt 0:00:00]} Ra1 {[%emt 0:00:11]} 59. Rb5 {[%emt 0:00:07]} Rg1+ {[%emt 0:00:07]} 60. Kf5 {[%emt 0:00:01]} Ra1 {[%emt 0:00:05]} 61. Rb6 {[%emt 0:00:12]} Kh7 {[%emt 0:00:15]} 62. Rg6 {[%emt 0:00:31]} Ra5+ {[%emt 0:00:12]} 63. Kg4 {[%emt 0:00:01]} Ra1 {[%emt 0:00:01]} 64. Rg5 {[%emt 0:00:15]} Rg1+ {[%emt 0:00:15]} 65. Kf5 {[%emt 0:00:02]} Ra1 {[%emt 0:00:02]} 66. Kg4 {[%emt 0:00:29]} Rg1+ {[%emt 0:00:02]} 67. Kf3 {[%emt 0:00:01]} Rf1+ {[%emt 0:00:03]} 68. Ke3 {[%emt 0:00:09]} Re1+ {[%emt 0:00:01]} 69. Kf2 {[%emt 0:00:01]} Ra1 {[%emt 0:00:02]} 70. Rd5 {[%emt 0:00:05]} Ra2+ {[%emt 0:00:02]} 71. Kf3 {[%emt 0:00:02]} Ra3+ {[%emt 0:00:02]} 72. Kg4 {[%emt 0:00:02]} Ra1 {[%emt 0:00:03]} 73. Kf5 {[%emt 0:00:04]} Ra2 {[%emt 0:00:08]} 74. Ke6 {[%emt 0:00:03]} Ra6+ {[%emt 0:00:02]} 75. Ke5 {[%emt 0:00:16]} Ra1 {[%emt 0:00:06]} 76. Rd6 {[%emt 0:00:04]} Ra5+ {[%emt 0:00:03]} 77. Rd5 {[%emt 0:00:03]} Rxd5+ {[%emt 0:00:20]} 78. Kxd5 {[%emt 0:00:00]} Kh6 {[%emt 0:00:01]} 79. Ke6 {[%emt 0:00:01]} Kxh5 {[%emt 0:00:02]} 80. Kf7 {[%emt 0:00:02]} Kg4 {[%emt 0:00:01]} 81. Kxg7 {[%emt 0:00:04]} Kxf4 {[%emt 0:00:02]} 1/2-1/2

[Event "European Online Club-ch-D 2021"]
[Site "Online"]
[Date "2021.03.27"]
[Round "2.1"]
[White "Eren, Ataberk"]
[Black "Straka, Vojtech"]
[Result "1-0"]
[WhiteElo "2306"]
[BlackElo "2417"]
[Annotator "NA"]
[PlyCount "131"]
[EventDate "2021.03.27"]
[EventType "team-tourn"]
[EventCountry "NET"]
[SourceTitle "playchess.com"]
[Source "ChessBase"]
[SourceQuality "1"]
[TimeControl "900+5"]

1. d4 {[%emt 0:00:00]} d5 {[%emt 0:00:04]} 2. Bf4 {[%emt 0:00:03]} c5 {[%emt 0:00:07]} 3. e3 {[%emt 0:00:01]} Nc6 {[%emt 0:00:04]} 4. c3 {[%emt 0:00:03]} Bf5 {[%emt 0:00:03]} 5. Nd2 {[%emt 0:00:01]} e6 {[%emt 0:00:07]} 6. Ngf3 {[%emt 0:00:10]} Qb6 {[%emt 0:01:50]} 7. Qb3 {[%emt 0:00:26]} c4 {[%emt 0:02:36]} 8. Qxb6 {[%emt 0:00:03]} axb6 {[%emt 0:00:01]} 9. Nh4 {[%emt 0:00:02]} Nf6 {[%emt 0:00:50]} 10. Nxf5 {[%emt 0:02:16]} exf5 {[%emt 0:00:03]} 11. a3 {[%emt 0:01:05]} b5 {[%emt 0:00:17]} 12. Rc1 {[%emt 0:00:07]} Be7 {[%emt 0:01:38]} 13. Be2 {[%emt 0:00:05]} O-O {[%emt 0:00:02]} 14. O-O {[%emt 0:00:02]} Rfe8 {[%emt 0:00:09]} 15. h3 {[%emt 0:00:10]} g6 {[%emt 0:00:59]} 16. g4 {[%emt 0:01:21]} fxg4 {[%emt 0:00:48]} 17. hxg4 {[%emt 0:00:02]} Kg7 {[%emt 0:00:13]} 18. Bf3 {[%emt 0:00:11]} Rad8 {[%emt 0:00:25]} 19. Rfe1 {[%emt 0:00:17]} Bd6 {[%emt 0:00:47]} 20. Bg5 {[%emt 0:01:49]} Be7 {[%emt 0:01:12]} 21. Bf4 {[%emt 0:00:12]} Bd6 {[%emt 0:00:05]} 22. Rcd1 {[%emt 0:03:44]} h6 {[%emt 0:00:14]} 23. g5 {[%emt 0:00:19]} hxg5 {[%emt 0:00:03]} 24. Bxg5 {[%emt 0:00:02]} Be7 {[%emt 0:00:04]} 25. Bf4 {[%emt 0:01:11]} Bd6 {[%emt 0:00:32]} 26. Bg5 {[%emt 0:00:10]} Be7 {[%emt 0:00:02]} 27. Bxf6+ {[%emt 0:00:10]} Bxf6 {[%emt 0:00:03]} 28. e4 {[%emt 0:00:01]} Bg5 {[%emt 0:00:24]} 29. e5 {[%emt 0:01:40]} Ne7 {[%emt 0:00:02]} 30. Nf1 {[%emt 0:00:11]} Rh8 {[%emt 0:00:07]} 31. Ng3 {[%emt 0:00:12]} Rh4 {[%emt 0:00:13]} 32. Ra1 {[%emt 0:00:21]} Ra8 {[%emt 0:00:31]} 33. Bg2 {[%emt 0:00:10]} Kf8 {[%emt 0:01:03]} 34. Rf1 {[%emt 0:00:06]} Bf4 {[%emt 0:00:05]} 35. Rfe1 {[%emt 0:00:08]} Ke8 {[%emt 0:00:05]} 36. Ne2 {[%emt 0:00:05]} Bh2+ {[%emt 0:00:27]} 37. Kf1 {[%emt 0:00:02]} Kd7 {[%emt 0:00:02]} 38. Ng1 {[%emt 0:00:25]} Bf4 {[%emt 0:00:10]} 39. Nf3 {[%emt 0:00:05]} Rh6 {[%emt 0:00:18]} 40. Ke2 {[%emt 0:00:01]} g5 {[%emt 0:00:58]} 41. Rh1 {[%emt 0:00:08]} g4 {[%emt 0:00:02]} 42. Nd2 {[%emt 0:00:10]} Rah8 {[%emt 0:00:04]} 43. Rxh6 {[%emt 0:00:05]} Rxh6 {[%emt 0:00:02]} 44. Nf1 {[%emt 0:00:01]} Rh8 {[%emt 0:00:31]} 45. Ne3 {[%emt 0:00:22]} Rh2 {[%emt 0:00:09]} 46. Rg1 {[%emt 0:00:02]} Bxe3 {[%emt 0:00:07]} 47. Kxe3 {[%emt 0:00:02]} g3 {[%emt 0:00:10]} 48. fxg3 {[%emt 0:00:08]} Ke6 {[%emt 0:00:03]} 49. Kf3 {[%emt 0:00:12]} f6 {[%emt 0:00:03]} 50. exf6 {[%emt 0:00:09]} Kxf6 {[%emt 0:00:01]} 51. Re1 {[%emt 0:00:03]} Rh8 {[%emt 0:00:05]} 52. Re5 {[%emt 0:00:04]} Rd8 {[%emt 0:00:05]} 53. g4 {[%emt 0:00:03]} Ng6 {[%emt 0:00:06]} 54. Rf5+ {[%emt 0:00:14]} Ke6 {[%emt 0:00:01]} 55. Kg3 {[%emt 0:00:01]} Ne7 {[%emt 0:00:02]} 56. Re5+ {[%emt 0:00:01]} Kd6 {[%emt 0:00:06]} 57. g5 {[%emt 0:00:04]} Rf8 {[%emt 0:00:01]} 58. Bf3 {[%emt 0:00:05]} Ng6 {[%emt 0:00:08]} 59. Rxd5+ {[%emt 0:00:02]} Kc7 {[%emt 0:00:13]} 60. Rxb5 {[%emt 0:00:03]} b6 {[%emt 0:00:01]} 61. Rb4 {[%emt 0:00:06]} Nf4 {[%emt 0:00:09]} 62. Rxc4+ {[%emt 0:00:02]} Kd6 {[%emt 0:00:01]} 63. Rc6+ {[%emt 0:00:02]} Kd7 {[%emt 0:00:03]} 64. Rxb6 {[%emt 0:00:05]} Nd3 {[%emt 0:00:10]} 65. g6 {[%emt 0:00:08]} Ne1 {[%emt 0:00:06]} 66. Be4 {[%emt 0:00:06]} 1-0